Daniel : (Record no. 4936)

MARC details
000 -LEADER
fixed length control field 00717cam a22002172 4500
001 - CONTROL NUMBER
control field 0000000835
005 - DATE AND TIME OF LATEST TRANSACTION
control field 20151217151758.0
008 - FIXED-LENGTH DATA ELEMENTS--GENERAL INFORMATION
fixed length control field 070220s xx 000 0 eng d
020 ## - INTERNATIONAL STANDARD BOOK NUMBER
International Standard Book Number 0851118321 :
Terms of availability KES 790
040 ## - CATALOGING SOURCE
Original cataloging agency KABU
Transcribing agency KABU
050 #0 - LIBRARY OF CONGRESS CALL NUMBER
Classification number BS1555.3
Item number .B34 1978
100 1# - MAIN ENTRY--PERSONAL NAME
Personal name Baldwin, Joyce G.
-- 0000149212
245 10 - TITLE STATEMENT
Title Daniel :
Remainder of title an introduction and commentary /
Statement of responsibility, etc. by Joyce G. Baldwin.
260 ## - PUBLICATION, DISTRIBUTION, ETC. (IMPRINT)
Place of publication, distribution, etc. Leicester :
Name of publisher, distributor, etc. Inter Varsity Press,
Date of publication, distribution, etc. c1978.
300 ## - PHYSICAL DESCRIPTION
Extent 210 p. ;
Dimensions 19 cm.
440 #4 - SERIES STATEMENT/ADDED ENTRY--TITLE
Title The Tyndale Old Testament commentaries
-- 0000149187
630 00 - SUBJECT ADDED ENTRY--UNIFORM TITLE
Uniform title Bible.
Name of part/section of a work O.T.
-- Daniel.
General subdivision Commentaries.
-- 0000149213
908 ## - PUT COMMAND PARAMETER (RLIN)
Put command parameter 070220
950 ## - LOCAL HOLDINGS (RLIN)
-- 1
Holdings
Withdrawn status Lost status Source of classification or shelving scheme Not for loan Home library Current library Date acquired Total Checkouts Full call number Barcode Date last seen Price effective from Koha item type
    Library of Congress Classification   Kabarak, Main Campus Kabarak, Main Campus 17/12/2015   BS1555.3 .B34 1978 000246 02/08/2024 17/12/2015 General Collection
Designed with assistance from East African Informatics Ltd